000 00711cam a22002053a 4500
001 44462
003 PGUSA
005 20140828084020.0
008 131219s2013||||xxu|||||s|||||000 | eng d
040 _aPGUSA
_beng
042 _adc
100 1 _aBennett, R. A. R.
245 1 0 _aHow to Make Electrical Machines :
_bContaining Full Directions for Making Electrical Machines, Induction Coils, Dynamos, and Many Novel Toys to Be Worked by Electricity
_h[electronic resource] /
_cR. A. R. Bennett
260 _bProject Gutenberg,
_c2013
506 _aPublic domain in the USA.
516 _aElectronic text
830 0 _aProject Gutenberg
_v44462
856 4 0 _uhttp://www.gutenberg.org/ebooks/44462
942 _cEB
999 _c273713
_d273713